<?xml version="1.0" encoding="UTF-8"?>
<marc:record xmlns:marc="http://www.loc.gov/MARC21/slim">
   <marc:leader>00000nam a2200000 a 4500</marc:leader>
   <marc:datafield ind1="1" ind2=" " tag="100">
      <marc:subfield code="a">Rittig, Gabriele</marc:subfield>
      <marc:subfield code="4">aut</marc:subfield>
      <marc:subfield code="e">Verfasser/-in</marc:subfield>
   </marc:datafield>
   <marc:datafield ind1="1" ind2=" " tag="100">
      <marc:subfield code="a">Weber, Jens</marc:subfield>
   </marc:datafield>
   <marc:datafield ind1=" " ind2=" " tag="653">
      <marc:subfield code="a">Japan</marc:subfield>
   </marc:datafield>
   <marc:datafield ind1=" " ind2=" " tag="653">
      <marc:subfield code="a">ab 9 Jahre</marc:subfield>
   </marc:datafield>
   <marc:datafield ind1=" " ind2=" " tag="653">
      <marc:subfield code="a">Diebstahl</marc:subfield>
   </marc:datafield>
   <marc:datafield ind1=" " ind2=" " tag="653">
      <marc:subfield code="a">Zeitreise</marc:subfield>
   </marc:datafield>
   <marc:datafield ind1="0" ind2="0" tag="245">
      <marc:subfield code="a">Die Schwerter des Samurai</marc:subfield>
   </marc:datafield>
   <marc:datafield ind1="0" ind2="0" tag="245">
      <marc:subfield code="c">Gabriele Rittig. Jens Weber</marc:subfield>
   </marc:datafield>
   <marc:datafield ind1=" " ind2="1" tag="264">
      <marc:subfield code="a">Wien</marc:subfield>
      <marc:subfield code="b">G&amp;G</marc:subfield>
      <marc:subfield code="c">2009</marc:subfield>
   </marc:datafield>
   <marc:datafield ind1=" " ind2=" " tag="250">
      <marc:subfield code="a">1. Auflage</marc:subfield>
   </marc:datafield>
   <marc:datafield ind1="1" ind2=" " tag="520">
      <marc:subfield code="a">Japan 1556 n.Chr.:&lt;br/&gt;Matsudaira Motoyasu, der spätere Shogun  Tokugawa Yeasu, übernimmt die Führung seines  Stammhauses.&lt;br/&gt;Gegenwart:&lt;br/&gt;Lukas Jansen, der Zeitreisende aus der Zu-&lt;br/&gt;kunft, ist auf der Jagd nach Norbert  Walstrom. Denn Walstrom macht Geschäfte mit  Antiquitäten; er stiehlt sie in der Vergan-&lt;br/&gt;genheit, um sie in der Zukunft zu verkaufen.  Die Gefahr eines Zeitparadoxons ist allgegen-&lt;br/&gt;wärtig.&lt;br/&gt;Tanja, Andrea, Cornelia und Alex bieten  jansen spontan ihre Hilfe an und dieser  willigt ein, daß sie ihn in die Vergangenheit  begleiten. Das raue, japanische Mittelalter  ist ihr Ziel...&lt;br/&gt;- Wissenswerte Sachinformationen&lt;br/&gt;- Karten, Zeittafel und Erläuterungen&lt;br/&gt; </marc:subfield>
   </marc:datafield>
   <marc:datafield ind1=" " ind2=" " tag="020">
      <marc:subfield code="a">9783707411447</marc:subfield>
      <marc:subfield code="9">9783707411447</marc:subfield>
   </marc:datafield>
   <marc:datafield ind1=" " ind2=" " tag="041">
      <marc:subfield code="a">ger</marc:subfield>
   </marc:datafield>
   <marc:datafield ind1=" " ind2=" " tag="300">
      <marc:subfield code="b">Illustrationen</marc:subfield>
   </marc:datafield>
   <marc:datafield ind1="1" ind2=" " tag="521">
      <marc:subfield code="a">0</marc:subfield>
   </marc:datafield>
   <marc:datafield ind1=" " ind2=" " tag="300">
      <marc:subfield code="a">143 Seiten</marc:subfield>
   </marc:datafield>
</marc:record>
